| 000 | 00500nam a2200145 a 4500 | ||
|---|---|---|---|
| 001 | 000041115 | ||
| 005 | 20201002034630.0 | ||
| 008 | 130918s2003 sp ab 000 0 spa d | ||
| 040 |
_aDO-SdBNP _bspa _cBNPHU |
||
| 082 |
_axxxx _bxxxx |
||
| 245 | 0 | 0 |
_aCerámicas tardorromanas y altomedievales en la península ibérica : _bruptura y continuidad. |
| 260 |
_aMadrid : _bCSIC, _c2003. |
||
| 300 |
_a559 p. : _bil., map. ; _c2004. |
||
| 504 | _aIncluye referencias bibliográficas y notas al pie de las páginas | ||
| 999 |
_c40605 _d40605 |
||